Tajlandzka imigracja według państw - Statystyki

Ogólne statystyki
  • Ten quiz został rozwiązany 91 razy
  • Średni wynik to 17 z 20
Statystyki odpowiedzi
Ludzie Państwo % Poprawnych
95 000 Chiny
100%
13 250 Indie
97%
13 200 Japonia
97%
5 000 Stany Zjednoczone
95%
1 800 Australia
93%
730 000 Kambodża
93%
1 100 Korea Południowa
93%
62 100 Wietnam
93%
970 500 Laos
89%
1 500 Malezja
89%
2 600 Wielka Brytania
89%
2 050 000 Mjanma
87%
2 800 Niemcy
84%
3 120 Pakistan
84%
1 600 Filipiny
83%
1 500 Francja
83%
1 800 Bangladesz
79%
2 250 Nowa Zelandia
75%
17 000 Nepal
71%
12 500 Sri Lanka
63%
Nie znaleziono quizów pasujących do podanych kryteriów
Rozkład punktacji
Procent ludzi z każdym wynikiem
Percentyl według liczby udzielonych odpowiedzi
Twoja historia wyników
Nie rozwiązałeś tego quizu